000 00724nam a2200253Ia 4500
003 OSt
005 20220918191056.0
006 a|||||r|||| 00| 0
007 ta
008 220917b |||||||| |||| 00| 0 eng d
024 _a61,313
037 _cTextual
040 _aARTS
_cARTS
_beng
041 _2eng
_aeng
082 _aQ22v262.C, K6
100 _aMukherji S C
_940375
245 0 _aStudy of Vaisnavism in ancient and medieval Bengal upto the advent of Caitanya
260 _aCalcutta
_bPunthi Pustak
_c1966
300 _a244p
_ccm.
500 _aappen (183-221p) (A-G); bib (228-228)
650 _aRELIGION
942 _hQ22v262.C, K6
_cTEXL
_2CC
999 _c188175
_d188175